000 00668nam a22002177a 4500
003 UA-OsUOA
001 97082
007 ta
008 20130326b un ||||| |||| 00| 0 ukr d
090 _a821.161.1
_bН72
942 _cBK
040 _aUA-OsUOA
_brus
_cUA-OsUOA
_dUA-OsUOA
245 _aНовейшая история в художественно-исторических образах 1917 - 1945
_cСост. Н.В. Попов
300 _a311 с.
955 _a3
041 _arus
080 _a821.161.1
260 _aМ.
_bПросвещение
_c1967
650 7 _a82 Література. Літературознавство
_2UDC
999 _c383331
_d383331